Kant and the experience of freedom : (Record no. 3739)

MARC details
000 -LEADER
fixed length control field 00569nam a2200169Ia 4500
020 ## - INTERNATIONAL STANDARD BOOK NUMBER
ISBN 0521414318
050 ## - CALL NUMBER
Classification number B2799
Item number .A4G86
100 1# - AUTHOR
Personal name Guyer, Paul,
245 10 - TITLE
Title Kant and the experience of freedom :
Remainder of title essays on aesthetics and morality /
Statement of responsibility, etc Paul Guyer.
260 ## - PUBLICATION INFORMATION
Place of publication United states
Name of publisher Press Syndicate
Year of publication 1996
300 ## - DESCRIPTION
Number of Pages xv, 449 pages ;
Dimensions 24 cm.
505 ## - FORMATTED CONTENTS NOTE
Table of Content Kant's aesthetics in historical context<br/>Kant's aestheitic and morality: topical studies
650 #0 - SUBJECTS
Topical Term Aesthetics, Modern
650 #0 - SUBJECTS
Topical Term Ethics, Modern
650 #0 - SUBJECTS
Topical Term Free will and determinism.
942 ## - ADDED ENTRY ELEMENTS (KOHA)
Koha item type Books
Holdings
Withdrawn status Lost status Collection code Home library Current library Shelving location Date acquired Full call number Accession Number Koha item type
    Reference Methodist University Library Main Methodist University Library Main General Stacks 01/12/1999 B2799 .A4G86 26008 Books
Copyright © 2026  MUG Library